000 01369nam a2200373 i 4500
001 11615
003 KOSZ 005
005 20231109062806.0
008 990506s1965 pl a |000 0 pol
015 _aPB 1965/5993
035 _a(OCoLC)749796340
040 _aWA N
_cWA N
_dKOSZ 005/HR
041 1 _apol
_heng
_hger
045 _bd1853
046 _k1965
080 _a141.82
100 1 _aMarx, Karl
_d(1818-1883)
_eAutor
245 1 0 _aDzieła.
_nT. 9,
_pMarzec - grudzień 1853 /
_c[red. Jerzy Płudowski et al.] ; Karol Marks, Fryderyk Engels ; tł. z ang. i niem. Salomon Filmus [et al.].
246 1 _iTyt. oryg.:
_aMarx Engels Werke.
260 _aWarszawa :
_bKsiążka i Wiedza,
_c1965.
300 _a[6], 799, [1] s., 2 k. tabl. :
_bmapa ;
_c22 cm.
380 _aKsiążki.
500 _aCałość obejmuje 39 t.
655 4 _aPublicystyka niemiecka
648 4 _a1801-1900
650 4 _aHistoria
650 4 _aMarksizm
700 1 _aEngels, Friedrich
_d(1820-1895)
_eAutor
700 1 _aFilmus, Salomon.
_eTłumaczenie
700 1 _aPłudowski, Jerzy.
_eRedakcja
710 2 _aSpółdzielnia Wydawniczo-Handlowa "Książka i Wiedza"
_4pbl.
856 _uhttp://koha.tu.koszalin.pl/cgi-bin/koha/opac-detail.pl?biblionumber=11615
_yKatalog online BPK
942 _2UKD
_cKS
999 _c11615
_d11615